00250nam a2200097Ia 4500008004100000082001400041100001500055245004200070260002000112600002000132241002s9999 xx 000 0 und d a335.4 KAR aKarl, Marx 0aCapital A Crique of Political Economy aNew York:c1906 aSocial Sciences